Gen 1 Pokémon Japanese Names - Statistics

General Stats
  • This quiz has been taken 40 times
  • The average score is 35 of 151
Answer Stats
Hint Answer % Correct
25 Pikachu
81%
1 Fushigidane
57%
151 Mew
57%
26 Raichu
57%
150 Mewtwo
52%
3 Fushigibana
48%
2 Fushigisou
48%
31 Nidoqueen
48%
7 Zenigame
48%
4 Hitokage
43%
34 Nidoking
43%
30 Nidorina
43%
33 Nidorino
43%
145 Thunder
43%
5 Lizardo
38%
46 Paras
38%
47 Parasect
38%
53 Persian
38%
20 Ratta
38%
27 Sand
38%
41 Zubat
38%
23 Arbo
33%
24 Arbok
33%
13 Beedle
33%
12 Butterfree
33%
10 Caterpie
33%
14 Cocoon
33%
98 Crab
33%
146 Fire
33%
144 Freezer
33%
42 Golbat
33%
130 Gyarados
33%
99 Kingler
33%
6 Lizardon
33%
56 Mankey
33%
52 Nyarth
33%
18 Pigeot
33%
39 Purin
33%
28 Sandpan
33%
137 Porygon
29%
51 Dugtrio
29%
94 Gangar
29%
92 Ghos
29%
93 Ghost
29%
55 Golduck
29%
140 Kabuto
29%
141 Kabutops
29%
9 Kamex
29%
54 Koduck
29%
19 Koratta
29%
113 Lucky
29%
21 Onisuzume
29%
17 Pigeon
29%
35 Pippi
29%
16 Poppo
29%
40 Pukurin
29%
121 Starmie
29%
11 Transel
29%
81 Coil
24%
50 Digda
24%
84 Dodo
24%
78 Gallop
24%
149 Kairyu
24%
8 Kameil
24%
131 Laplace
24%
49 Morphon
24%
22 Onidrill
24%
77 Ponyta
24%
37 Rokon
24%
90 Shellder
24%
134 Showers
24%
96 Sleepe
24%
97 Sleeper
24%
15 Spear
24%
135 Thunders
24%
126 Boober
19%
85 Dodorio
19%
125 Eleboo
19%
120 Hitodeman
19%
95 Iwark
19%
129 Koiking
19%
38 Kyukon
19%
147 Miniryu
19%
29 Nidoran♀
19%
32 Nidoran♂
19%
36 Pixy
19%
82 Rarecoil
19%
124 Rougela
19%
117 Seadra
19%
102 Tamatama
19%
59 Windie
19%
79 Yadon
19%
122 Barrierd
14%
136 Booster
14%
63 Casey
14%
107 Ebiwalar
14%
105 Garagara
14%
58 Gardie
14%
87 Jugon
14%
104 Karakara
14%
48 Kongpang
14%
69 Madatsubomi
14%
101 Marumine
14%
132 Metamon
14%
114 Monjara
14%
103 Nassy
14%
139 Omstar
14%
142 Ptera
14%
45 Ruffresia
14%
112 Sidon
14%
111 Sihorn
14%
123 Strike
14%
71 Utsubot
14%
70 Utsudon
14%
80 Yadoran
14%
64 Yungerer
14%
119 Azumao
10%
108 Beroringa
10%
100 Biriridama
10%
109 Dogars
10%
73 Dokukurage
10%
133 Eievui
10%
65 Foodin
10%
75 Golone
10%
76 Golonya
10%
67 Goriky
10%
148 Hakuryu
10%
143 Kabigon
10%
68 Kairiky
10%
83 Kamonegi
10%
128 Kentauros
10%
110 Matadogas
10%
72 Menokurage
10%
43 Nazonokusa
10%
62 Nyorobon
10%
60 Nyoromo
10%
61 Nyorozo
10%
138 Omnite
10%
91 Parshen
10%
118 Tosakinto
10%
66 Wanriky
10%
88 Betbeter
5%
89 Betbeton
5%
115 Garura
5%
74 Isitsubute
5%
127 Kailios
5%
44 Kusaihana
5%
57 Okorizaru
5%
106 Sawamular
5%
116 Tattu
5%
86 Pawou
0%
No matching quizzes found
Score Distribution
Percent of People with Each Score
Percentile by Number Answered
Your Score History
You have not taken this quiz